| 000 -LEADER |
| fixed length control field |
01096nam a2200253Ia 4500 |
| 001 - CONTROL NUMBER |
| control field |
1034 |
| 003 - CONTROL NUMBER IDENTIFIER |
| control field |
GE_BSU |
| 008 - FIXED-LENGTH DATA ELEMENTS--GENERAL INFORMATION |
| fixed length control field |
181216s||||||||xx |||||||||||||| ||und|| |
| 040 ## - CATALOGING SOURCE |
| Transcribing agency |
GE_BSU |
| 080 ## - UNIVERSAL DECIMAL CLASSIFICATION NUMBER |
| Universal Decimal Classification number |
159.9.(075.8) |
| 245 ## - TITLE STATEMENT |
| Title |
Общая психодиагностика.Основы психодиагностики,немедицинской психотерапии и психологического консультирования |
| 245 ## - TITLE STATEMENT |
| Remainder of title |
Уч-к для студ. высш. учебн. завед. по спец."Психология |
| 245 ## - TITLE STATEMENT |
| Statement of responsibility, etc. |
Под ред. А.А.Бодалева,В.В.Столина |
| 260 ## - PUBLICATION, DISTRIBUTION, ETC. |
| Place of publication, distribution, etc. |
Москва |
| 260 ## - PUBLICATION, DISTRIBUTION, ETC. |
| Name of publisher, distributor, etc. |
Московск.ун-т |
| 260 ## - PUBLICATION, DISTRIBUTION, ETC. |
| Date of publication, distribution, etc. |
1987 |
| 300 ## - PHYSICAL DESCRIPTION |
| Extent |
304стр. |
| 653 ## - INDEX TERM--UNCONTROLLED |
| Uncontrolled term |
Общая психодиагностика |
| 653 ## - INDEX TERM--UNCONTROLLED |
| Uncontrolled term |
Основы психодиагностики,немедицинской психотерапии и психологического консультирования |
| 653 ## - INDEX TERM--UNCONTROLLED |
| Uncontrolled term |
Психология |
| 653 ## - INDEX TERM--UNCONTROLLED |
| Uncontrolled term |
ფსიქოლოგია |
| 942 ## - ADDED ENTRY ELEMENTS (KOHA) |
| Koha item type |
წიგნი |